Beijing : (Record no. 110107)
[ view plain ]
| 000 -CABECERA | |
|---|---|
| campo de control de longitud fija | 00426nam a2200157 a 4500 |
| 005 - FECHA Y HORA DE LA ÚLTIMA TRANSACCIÓN | |
| campo de control | 20220923064010.0 |
| 008 - ELEMENTOS DE LONGITUD FIJA--INFORMACIÓN GENERAL | |
| campo de control de longitud fija | 050317s1982 mx r 000 0 spa d |
| 035 ## - NÚMERO DE CONTROL DEL SISTEMA | |
| Número de control de sistema | UPN01000137956 |
| 049 ## - COLECCIÓN | |
| Colección | CG |
| 050 #4 - SIGNATURA TOPOGRÁFICA DE LA BIBLIOTECA DEL CONGRESO | |
| Número de clasificación | DS712 |
| Número de documento/Ítem | B4.4 |
| 245 00 - MENCIÓN DE TÍTULO | |
| Título | Beijing : |
| Resto del título | capital de China. |
| 260 ## - PUBLICACIÓN, DISTRIBUCIÓN, ETC. | |
| Lugar de publicación, distribución, etc. | China : |
| Nombre del editor, distribuidor, etc. | Lenguas extranjeras, |
| Fecha de publicación, distribución, etc. | 1982. |
| 300 ## - DESCRIPCIÓN FÍSICA | |
| Extensión | 157 p. : |
| Otras características físicas | il. col. |
| 651 #7 - ASIENTO SECUNDARIO DE MATERIA - NOMBRE GEOGRAFICO | |
| Nombre geográfico | China |
| Subdivisión general | Descripción y viajes |
| Fuente del encabezamiento o término | |
| 9 (RLIN) | 11848 |
| 905 ## - TIPO DE MATERIAL | |
| Tipo de material | Libro |
| Estado de retiro | Estado de pérdida | Fuente del sistema de clasificación o colocación | Estado dañado | No para préstamo | Código de colección | Localización permanente | Ubicación/localización actual | Ubicación en estantería | Total de préstamos | Clasificación | Código de barras | Fecha visto por última vez | Número de copia | Tipo de ítem Koha |
|---|---|---|---|---|---|---|---|---|---|---|---|---|---|---|
| Library of Congress Classification | Colección General | Bib. Gregorio Torres Quintero | Bib. Gregorio Torres Quintero | Planta baja | DS712 B4.4 | 71097 | 31/12/2020 | 1 | Libro |
